Milhosť nás nechváli

Bibliographic Details
Main Author: (zv) (Author)
Format: Article
Language:Slovak
Subjects:

MARC

LEADER 00000nab a2200000u 4500
001 vtls012148618
003 SK-MaSNL
005 20260426095215.0
008 220912|1964 xo ||||||| || ||slo|
038 |a KEVKJB 
040 |a KEVKJB  |b slo  |e rda 
041 0 |a slo 
043 |a e-xo--- 
044 |a xo  |c SK 
072 7 |a 913  |x Regionálna geografia  |2 konspekt 
080 |a 913(1-192)  |2 2011 
100 1 |a (zv)  |4 aut  |9 855003 
245 1 0 |a Milhosť nás nechváli  |c [autor] (ZV) 
336 |a text  |b txt  |2 rdacontent 
337 |a bez média  |b n  |2 rdamedia 
338 |a zväzok  |b nc  |2 rdacarrier 
650 0 7 |a pohraničné obce  |2 kevkjb  |9 1021883 
651 7 |a Slovensko  |2 SNKPHgeo  |9 14231 
651 7 |a Maďarsko  |2 SNKPHgeo  |9 16754 
651 7 |a Milhosť (Slovensko)  |2 SNKPHgeo  |9 26561 
651 7 |a Košice-okolie (Slovensko : okres)  |2 SNKPHgeo  |9 146743 
655 7 |a kritické poznámky  |2 kevkjb  |9 1039675 
773 0 |t Zora východu  |g Roč. 5, č. 19 (1964), s. 3 
852 |a KEVKJB  |b KIS3GCP 
999 |c 3159721  |d 3161651